000 00479nam a2200181Ia 4500
001 10740
005 20260306161854.0
008 260306t1988||||xx |||||||||||||| ||spa||
041 _aESP
082 _a946.6
_bC265 T. 2
100 _aCongreso de Historia de Euskal Herria
_eAUT
245 0 _aInstituciones, economía y sociedad (siglos VIII-XV)
260 _c1988
300 _axvii, 607 páginas :
_c25 cm.
650 _aGEN
654 _aCHU
942 _cLIB
_dJUS
_fJUS
_2ddc
_n
999 _c10740
_d10740